000 00631nab#a2200217#c#4500
999 _c87772
_d87772
003 IEF
005 20191211120607.0
008 950704s1975 uuu|| #####0 b| |u
040 _aIEF
_cES-MaIEF
100 1 _aGonzalo y González, Leopoldo
_919139
245 _aAspectos fiscales de la emisión de moneda metálica en España
_c Leopoldo Gonzalo y González
260 _c1975
500 _aBibliografía;conclusiones
650 4 _aMONEDA
_950225
650 4 _aIMPUESTOS
_947460
650 4 _aESPAÑA
_941092
773 0 _tHacienda pública española
_w34570
_g33, p. 183-199
942 _2udc
942 _2udc